Applied circuit theory: matrix and computer methods

Gespeichert in:
Bibliographische Detailangaben
1. Verfasser: Adby, Paul R (VerfasserIn)
Format: Buch
Sprache:Englisch
Veröffentlicht: Chichester Ellis Horwood 1980
Schriftenreihe:Ellis Horwood Series in Electrical and Electronic Engineering
Schlagworte:
Tags: Tag hinzufügen
Keine Tags, Fügen Sie den ersten Tag hinzu!

MARC

LEADER 00000nam a2200000 a 4500
001 UCU5141
003 CL-VaPUC
008 960531e19800000UK |||||||||||||||||eng|d
082 0 4 |a 621.381  |b ADB  |2 21 
100 0 |a Adby, Paul R  |e author  |9 362993 
245 1 0 |a Applied circuit theory: matrix and computer methods 
300 |a 490 p 
942 |c BK 
945 |d 19960531 00:00:00  |a lriquelm 
260 |a Chichester  |b Ellis Horwood  |c 1980 
650 0 |a Circuitos eléctricos   |9 260262 
650 0 |a Circuitos electrónicos  |9 260204 
650 0 |a Computadores  |9 258188 
650 7 |a TECNOLOGIA ELECTRICA  |2 CL-VaPUC  |9 336952 
650 0 |a Electrónica   |9 263192 
583 |a last modification  |c 19960531 00:00:00  |k Rodrigo Vera 
490 0 |a Ellis Horwood Series in Electrical and Electronic Engineering 
999 |c 248601  |d 248599 
952 |0 0  |1 0  |4 0  |6 621_381000000000000_ADB_1980  |7 0  |8 A  |9 265343  |a BIBING  |b BIBING  |d 2019-11-19  |i 1663437  |o 621.381 ADB 1980  |p 1663437  |r 2025-01-20  |w 2019-11-19  |y BK  |k EIE